The practical analysis towards developing a guideline for the Xbox 360 forensic /
Saved in:
| Main Author: | |
|---|---|
| Format: | Thesis |
| Language: | English |
| Published: |
Skudai, Johor :
Faculty of Computer Science and Information System, Universiti Teknologi Malaysia
2009
|
| Subjects: | |
| Tags: |
Add Tag
No Tags, Be the first to tag this record!
|
| LEADER | 015820000a22003370004500 | ||
|---|---|---|---|
| 001 | 494772 | ||
| 005 | 20100517132400.0 | ||
| 008 | 120301s2009 my a g m 000 0 eng d | ||
| 040 | |a UIAM |b eng |e rda | ||
| 050 | 4 | |a HV8079.C65 | |
| 100 | 0 | |a Hairul Azni bin Mohd Isa, |e author | |
| 245 | 1 | 4 | |a The practical analysis towards developing a guideline for the Xbox 360 forensic / |c Hairul Azni Bin Mohd Isa |
| 264 | 1 | |a Skudai, Johor : |b Faculty of Computer Science and Information System, Universiti Teknologi Malaysia |c 2009 | |
| 300 | |a xv, 73 leaves : |b illustrations ; |c 30 cm. | ||
| 336 | |2 rdacontent |a text | ||
| 337 | |2 rdamedia |a unmediated | ||
| 338 | |2 rdacarrier |a volume | ||
| 500 | |a Abstract in Malay and English. | ||
| 500 | |a "A project report submitted in fulfillment of the requirements for the Award of the degree of Master Computer Science (Information Security)."--On title page. | ||
| 502 | |a Thesis (M.Sc.) Computer Science (Information Security)--Universiti Teknologi Malaysia, 2009. | ||
| 504 | |a Includes bibliographical references (leaves 72-73). | ||
| 596 | |a 1 | ||
| 650 | 0 | |a Computer crimes |x Investigation | |
| 650 | 0 | |a Xbox 360 (Video game console) | |
| 650 | 0 | |a Computer security | |
| 650 | 0 | |a Evidence, Criminal | |
| 655 | 0 | 7 | |a Theses, non-IIUM |
| 710 | 2 | |a Universiti Teknologi Malaysia. |b Faculty of Computer Science and Information System | |
| 900 | |a cs-hj-ia-mrm | ||
| 999 | |c 434165 |d 465327 | ||
| 952 | |0 0 |6 T HV 008079 C65 H153P 2009 |7 0 |8 THESES |9 752027 |a IIUM |b IIUM |c MULTIMEDIA |g 0.00 |o t HV 8079 C65 H153P 2009 |p 00011169652 |r 2017-10-19 |t 1 |v 0.00 |y THESIS | ||
